• 首页
  • 本馆介绍
  • 公告通知
  • 最新文献
  • 馆藏检索
  • 电子资源
  • 读者导购
  • 参考咨询
  • 我的图书馆
  • 登录
  • 详细信息显示
  • 放入我的书架
  • 预约/预借图书
  • 作者相关作品
  • 分类相关作品
  • 丛书相关作品
  • 出版社相关作品

书目信息

  • 表格格式
  • 工作单格式
  • 卡片格式
题名:
凉拌开胃菜
    
 
作者: 陈忠良 编著
分册:  
出版信息: 福州   福建科学技术出版社  2000.04
页数: 63页
开本: 21cm
丛书名: 精致厨艺系列
单 册:
中图分类: TS972.121
科图分类:
主题词: 饮食业--供应技术
电子资源:
ISBN: 7-5335-1613-3
000 00629nam0 2200217 450
001 0655803693
005 20061005085504.88
010    @a7-5335-1613-3@dCNY12.80
100    @a20061004d2000 km y0chiy0120 ea
101 0  @achi
102    @aCN@b350000
200 1  @a凉拌开胃菜@Aliang ban kai wei cai@f陈忠良编著@Fchen zhong liang bian zhu
210    @a福州@c福建科学技术出版社@d2000.04
215    @a63页@d21cm
225 2  @a精致厨艺系列
410  0 @12001 @a精致厨艺系列
606 0  @a饮食业@x供应技术
690    @aTS972.121@v4
701  0 @a陈忠良@Achen zhong liang@4编著
801  0 @aCN@bPFT@c20061005
905    @aBZT@dTS972.121@e236
    
    凉拌开胃菜/陈忠良编著.-福州:福建科学技术出版社,2000.04
    63页;21cm.-(精致厨艺系列)
    
    
    ISBN 7-5335-1613-3:CNY12.80
    
●
相关链接 在五车中查询图书 在当当中查询图书 在豆瓣中查询图书


正题名:凉拌开胃菜     索取号:TS972.121/236         预约/预借

序号 登录号 条形码 馆藏地/架位号 状态 备注
1 483334   230029858   中心书库中库/ 中库024架A面3列6层35/ [索取号:TS972.121/236] 在馆    
2 483335   230029859   中心书库中库/ 中库024架A面3列6层36/ [索取号:TS972.121/236] 在馆    
3 483336   230029860   中心书库中库/ 中库024架A面3列6层37/ [索取号:TS972.121/236] 在馆    
4 483337   230029861   中心书库中库/ 中库024架A面3列6层49/ [索取号:TS972.121/236] 在馆    
5 483338   230029862   中心书库中库/ 中库024架A面3列7层40/ [索取号:TS972.121/236] 在馆    
山东省滨州职业学院图书馆 欢迎您!
大连网信软件有限公司© 版权所有